The penguin dictionary of indian classical music / (Record no. 164134)

MARC details
000 -LEADER
fixed length control field 00477nam a22001697a 4500
005 - DATE AND TIME OF LATEST TRANSACTION
control field 20190511124409.0
010 ## - LCCN (DPL NO)
LC control number A-751610
020 ## - INTERNATIONAL STANDARD BOOK NUMBER
International Standard Book Number 0140513248
Terms of availability 100.00
035 ## - SYSTEM CONTROL NUMBER
System control number B-751610
037 ## - SOURCE OF ACQUISITION
Source of stock number/acquisition Pengun Books.
082 ## - DEWEY DECIMAL CLASSIFICATION NUMBER
Classification number 780.954
100 ## - MAIN ENTRY--PERSONAL NAME
Personal name Menon, Raghava R.
245 ## - TITLE STATEMENT
Title The penguin dictionary of indian classical music /
Statement of responsibility, etc Raghava R. Menon
260 ## - PUBLICATION, DISTRIBUTION, ETC. (IMPRINT)
Place of publication, distribution, etc India
Name of publisher, distributor, etc Pengun Books.
Date of publication, distribution, etc 1995
300 ## - PHYSICAL DESCRIPTION
Extent 171p
Dimensions 20cm (hbk)
942 ## - ADDED ENTRY ELEMENTS (KOHA)
Source of classification or shelving scheme Dewey Decimal Classification
Item type English Books
Classification part 80.954
Call number suffix MEN
Holdings
Withdrawn status Lost status Not for loan Collection code Home library Current library Date acquired Full call number Barcode Koha item type
      Non-fiction Sarojini Nagar Sarojini Nagar 11/05/2019 80.954 MEN A-751610 English Books

© Delhi Public Library
Hit Counter
free hit counter